000 00376nam a22001697a 4500
005 20260413171035.0
008 160627b xxu||||| |||| 00| 0 eng d
020 _a0-14-302890-1
041 _aeng
082 _a823.914
100 _aChand, Meira
_92952
245 _aA far Horizon
260 _bPenguin India
_c2001
300 _a359
650 _aManagement
942 _cBK
999 _c4266
_d4265